Fútbol - Las 10 peores selecciones del mundo en 2023 - Estadísticas

Estadísticas generales
  • Esta prueba ha sido intentada 177 veces
  • La puntuación promedio es 3 de 10
Estadísticas de respuestas
Posición Puntaje FIFA Selección % Correcto
210 741.6 San Marino
98%
203 833 Liechtenstein
55%
201 840.8 Gibraltar
50%
207 807.6 Islas Vírgenes Británicas
30%
208 796.8 Islas Vírgenes Estadounidenses
30%
209 785.7 Anguila
22%
206 818.6 Islas Turcas y Caicos
16%
204 822 Sri Lanka
16%
202 835.8 Bahamas
15%
205 821.9 Guam
11%
No se encontraron pruebas coincidentes
Distribución de puntuación
Porcentaje de gente con cada puntuación
Porcentaje por número respondido
Historial de tus puntuaciones
No has intentado esta prueba.